[Event "14th IBCA World Chess Championship for Blind 2019"]
[Site "Cagliari"]
[Date "2019.04.11"]
[Round "6"]
[Board "12"]
[White "Jandric, Damjan"]
[Black "Migala, Andrzej"]
[Result "1-0"]
[WhiteElo "2196"]
[BlackElo "2037"]
[PlyCount "71"]
[EventDate "2019.04.06"]
[EventRounds "9"]
[EventCountry "ITA"]

1. e4 c5 2. Nf3 d6 3. c3 Nf6 4. h3 Nc6 5. Bd3 g6 6. Bc2 Bg7 7. d4 cxd4 8. cxd4
O-O 9. Nc3 e5 10. d5 Nb4 11. Bb1 a5 12. O-O Bd7 13. Be3 b5 14. Nd2 Na6 15. a4
b4 16. Nb5 Qb8 17. Nc4 Bxb5 18. axb5 Nc5 19. f3 Nfd7 20. b3 Rc8 21. Rf2 Bf8 22.
Rfa2 Qxb5 23. Rxa5 Rxa5 24. Rxa5 Qb7 25. Bc2 Ra8 26. Qa1 Ra6 27. Rxa6 Nxa6 28.
Qa4 Ndc5 29. Qe8 Kg7 30. f4 f6 31. fxe5 fxe5 32. Bh6+ Kxh6 33. Qxf8+ Qg7 34.
Qxd6 Qa7 35. Qf8+ Kg5 36. h4+  1-0

[Event "14th IBCA World Chess Championship for Blind 2019"]
[Site "Cagliari"]
[Date "2019.04.11"]
[Round "6"]
[Board "13"]
[White "Vela Ignacio, Jose Manuel"]
[Black "Stachanczyk, Jacek"]
[Result "0-1"]
[WhiteElo "2038"]
[BlackElo "2163"]
[PlyCount "60"]
[EventDate "2019.04.06"]
[EventRounds "9"]
[EventCountry "ITA"]

1. f4 Nf6 2. Nf3 g6 3. e3 Bg7 4. d4 d6 5. Bd3 O-O 6. O-O c5 7. c3 Nc6 8. e4
cxd4 9. Kh1 Qb6 10. f5 Bd7 11. fxg6 hxg6 12. Qe2 Bg4 13. h3 Nh5 14. Qe1 Bxf3
15. gxf3 Ne5 16. Bc2 d3 17. Bb3 d2 18. Bxd2 Nd3 19. Qh4 Bf6 20. Bg5 Kg7 21. Nd2
Rh8 22. Nc4 Qc5 23. e5 dxe5 24. Ne3 Qxe3 25. Qc4 Ng3+ 26. Kg2 Qe2+ 27. Kxg3
Rxh3+ 28. Kxh3 Nf4+ 29. Bxf4 Rh8+ 30. Kg4 Rh4+  0-1

[Event "14th IBCA World Chess Championship for Blind 2019"]
[Site "Cagliari"]
[Date "2019.04.11"]
[Round "6"]
[Board "14"]
[White "Grybas, Gintaras"]
[Black "Streltsov, Alexey"]
[Result "0-1"]
[WhiteElo "2006"]
[BlackElo "2131"]
[PlyCount "118"]
[EventDate "2019.04.06"]
[EventRounds "9"]
[EventCountry "ITA"]

1. d4 Nf6 2. c4 g6 3. Nc3 d5 4. Bg5 Ne4 5. Bh4 Nxc3 6. bxc3 dxc4 7. e3 Be6 8.
Nf3 Bg7 9. Ng5 Bd5 10. Nf3 O-O 11. Be2 Nd7 12. O-O b5 13. a4 c6 14. Qb1 a6 15.
e4 Be6 16. d5 cxd5 17. exd5 Bxd5 18. axb5 a5 19. Rd1 Nb6 20. Qb2 Qc7 21. Bg3 e5
22. Ra2 f5 23. Nd2 f4 24. Bh4 e4 25. Rda1 Qe5 26. f3 g5 27. Be1 Qxc3 28. Qxc3
Bxc3 29. fxe4 Bxa1 30. Rxa1 Be6 31. Nf3 h6 32. Nd4 Bd7 33. Rxa5 Rfc8 34. Bc3
Kh7 35. Kf2 Na4 36. Rxa8 Rxa8 37. Bb4 Nb2 38. Bd6 Ra2 39. Kf3 Nd3 40. e5 Rb2
41. e6 g4+ 42. Ke4 Bxe6 43. Bxd3 cxd3 44. Kxd3 Bd7 45. Bxf4 Bxb5+ 46. Nxb5 Rxb5
47. Ke2 Rb2+ 48. Kf1 Kg6 49. Be3 h5 50. Bf4 h4 51. Be5 Rc2 52. Bd6 Kf5 53. Be7
g3 54. hxg3 hxg3 55. Bb4 Rf2+ 56. Kg1 Rb2 57. Be1 Kf4 58. Kf1 Rc2 59. Ba5 Rc1+
 0-1

[Event "14th IBCA World Chess Championship for Blind 2019"]
[Site "Cagliari"]
[Date "2019.04.11"]
[Round "6"]
[Board "15"]
[White "Fernandez Manrique, Agustin"]
[Black "Dobierzin, Olaf"]
[Result "1/2-1/2"]
[WhiteElo "2120"]
[BlackElo "1992"]
[PlyCount "29"]
[EventDate "2019.04.06"]
[EventRounds "9"]
[EventCountry "ITA"]

1. d4 Nf6 2. Nf3 g6 3. c4 Bg7 4. g3 O-O 5. Bg2 d6 6. O-O c6 7. Nc3 Qa5 8. h3
Nbd7 9. Qd2 Re8 10. Rd1 a6 11. b3 c5 12. Bb2 Rb8 13. dxc5 Nxc5 14. Nd4 Ne6 15.
Nxe6  1/2-1/2

[Event "14th IBCA World Chess Championship for Blind 2019"]
[Site "Cagliari"]
[Date "2019.04.11"]
[Round "6"]
[Board "16"]
[White "Schulz, Gert"]
[Black "Clemente Llamero, Roberto"]
[Result "1/2-1/2"]
[WhiteElo "1995"]
[BlackElo "2117"]
[PlyCount "85"]
[EventDate "2019.04.06"]
[EventRounds "9"]
[EventCountry "ITA"]

1. d4 d5 2. c4 dxc4 3. Nf3 Nf6 4. e3 Bg4 5. Bxc4 e6 6. O-O Nbd7 7. h3 Bh5 8. b3
c5 9. Ba3 a6 10. dxc5 Bxc5 11. Bxc5 Nxc5 12. Nc3 O-O 13. Qxd8 Rfxd8 14. Rfd1
Kf8 15. a4 Rac8 16. Rxd8+ Rxd8 17. Rd1 Rxd1+ 18. Nxd1 Bxf3 19. gxf3 Nfd7 20.
Nb2 Ne5 21. f4 Nf3+ 22. Kf1 Nd2+ 23. Ke2 Ndxb3 24. Kd1 Ke7 25. Kc2 Na5 26. Be2
Kd6 27. f3 f5 28. Kc3 Nd7 29. Nd3 Nc6 30. Nb4 Nc5 31. Nxc6 Kxc6 32. Kb4 b6 33.
Bc4 a5+ 34. Ka3 Kd6 35. Bb5 Kd5 36. Kb2 e5 37. fxe5 Kxe5 38. Kc3 f4 39. Kd2 Ne6
40. Bd7 Nc5 41. Bb5 Ne6 42. Bd7 Nc5 43. Bb5  1/2-1/2

[Event "14th IBCA World Chess Championship for Blind 2019"]
[Site "Cagliari"]
[Date "2019.04.11"]
[Round "6"]
[Board "17"]
[White "Mueller, Thorsten"]
[Black "Deniz, Ugur"]
[Result "0-1"]
[WhiteElo "2086"]
[BlackElo "1871"]
[PlyCount "98"]
[EventDate "2019.04.06"]
[EventRounds "9"]
[EventCountry "ITA"]

1. d4 d5 2. Nf3 Nf6 3. Bf4 c5 4. e3 Nc6 5. Nbd2 Bf5 6. c3 Qb6 7. dxc5 Qxb2 8.
Be2 e6 9. O-O Bxc5 10. c4 O-O 11. Nb3 Bc2 12. Qc1 Ba3 13. Qe1 Bb4 14. Qc1 Bc3
15. Bd6 Rfd8 16. Ba3 Qxc1 17. Raxc1 Bxb3 18. axb3 Bb4 19. Bxb4 Nxb4 20. Nd4
Rac8 21. Ra1 a6 22. Rfb1 Ne4 23. Rb2 g6 24. f3 Nc5 25. f4 Rc7 26. Ra5 Rdd7 27.
Rb1 dxc4 28. bxc4 b6 29. Ra3 a5 30. Bf3 Rc8 31. g3 Rcd8 32. Kg2 Kg7 33. g4 Rxd4
34. exd4 Rxd4 35. Rc3 Rxf4 36. Rd1 e5 37. Rd6 Rf6 38. Rd8 e4 39. Be2 Kh6 40.
Rf8 Nbd3 41. Kg3 Rf2 42. Bxd3 Rf3+ 43. Kg2 Rxd3 44. Rxd3 exd3 45. Rd8 a4 46.
Kf3 a3 47. Rb8 a2 48. Ra8 d2 49. Ke2 Nb3  0-1

[Event "14th IBCA World Chess Championship for Blind 2019"]
[Site "Cagliari"]
[Date "2019.04.11"]
[Round "6"]
[Board "18"]
[White "Lindenmair, Anton"]
[Black "Chojnowski, Marcin"]
[Result "0-1"]
[WhiteElo "1974"]
[BlackElo "2083"]
[PlyCount "122"]
[EventDate "2019.04.06"]
[EventRounds "9"]
[EventCountry "ITA"]

1. d4 Nf6 2. c4 c5 3. Nf3 g6 4. Nc3 Bg7 5. d5 d6 6. e4 O-O 7. Be2 a6 8. a4 e6
9. O-O exd5 10. cxd5 Bg4 11. Nd2 Bxe2 12. Qxe2 Qe7 13. Nc4 Nfd7 14. Bf4 Ne5 15.
Nxe5 Bxe5 16. Bxe5 Qxe5 17. f4 Qd4+ 18. Kh1 Nd7 19. e5 dxe5 20. Rad1 Qb4 21.
fxe5 Rae8 22. e6 fxe6 23. dxe6 Nf6 24. Rde1 Qd4 25. Qf2 Kg7 26. Qg3 Re7 27. Rf4
Nh5 28. Qg5 Rxe6 29. Rxe6 Nxf4 30. Re7+ Rf7 31. Rxf7+ Kxf7 32. g3 Qg1+ 33. Kxg1
Nh3+ 34. Kf1 Nxg5 35. Ke2 Ke6 36. h4 Nf7 37. Ne4 b6 38. a5 bxa5 39. Nxc5+ Kd5
40. Nxa6 Kc4 41. Kd2 Nh6 42. Nb8 Nf5 43. Nd7 Nxg3 44. Nf8 Nf5 45. Nxh7 Nxh4 46.
Kc2 a4 47. Ng5 Nf5 48. Ne4 Nd4+ 49. Kb1 Kb4 50. Ka2 Nb3 51. Nc3 g5 52. Nd5+ Ka5
53. Ne3 Kb5 54. Ka3 Na5 55. Ng4 Nc4+ 56. Ka2 Kb4 57. Nf2 Ne5 58. Ne4 g4 59. Ng3
Nd3 60. Nf5 Nc5 61. Ne3 Nb3 {...}  0-1

[Event "14th IBCA World Chess Championship for Blind 2019"]
[Site "Cagliari"]
[Date "2019.04.11"]
[Round "6"]
[Board "19"]
[White "Patra, Subhendu Kumar"]
[Black "Suder, Ryszard"]
[Result "1/2-1/2"]
[WhiteElo "1747"]
[BlackElo "2052"]
[PlyCount "66"]
[EventDate "2019.04.06"]
[EventRounds "9"]
[EventCountry "ITA"]

1. e4 Nf6 2. Nc3 d5 3. exd5 Nxd5 4. Bc4 e6 5. Qf3 Nb6 6. Bb5+ c6 7. Be2 c5 8.
Bb5+ N8d7 9. Nh3 a6 10. Be2 Nf6 11. d3 Nbd5 12. Ng5 Nxc3 13. bxc3 Bd6 14. O-O
Qc7 15. h3 Bd7 16. Ne4 Nxe4 17. Qxe4 O-O 18. Bf3 Bc6 19. Qe2 b5 20. Bxc6 Qxc6
21. c4 Rab8 22. cxb5 axb5 23. Bb2 Rfd8 24. Qg4 Bf8 25. Rfe1 g6 26. Bf6 Rd7 27.
a4 bxa4 28. Qxa4 Qxa4 29. Rxa4 Bg7 30. Bxg7 Kxg7 31. Rea1 Kf6 32. Kf1 Ke7 33.
Ke2 Rd4  1/2-1/2

[Event "14th IBCA World Chess Championship for Blind 2019"]
[Site "Cagliari"]
[Date "2019.04.11"]
[Round "6"]
[Board "20"]
[White "Schellmann, Frank"]
[Black "Ross, Chris N"]
[Result "1/2-1/2"]
[WhiteElo "2033"]
[BlackElo "2224"]
[PlyCount "42"]
[EventDate "2019.04.06"]
[EventRounds "9"]
[EventCountry "ITA"]

1. e4 c5 2. Nf3 e6 3. d4 cxd4 4. Nxd4 Nc6 5. Nc3 Qc7 6. g3 a6 7. Bg2 d6 8. O-O
Bd7 9. Nb3 Nf6 10. f4 Be7 11. Be3 O-O 12. g4 h6 13. h3 b5 14. a3 Rac8 15. Qe2
b4 16. axb4 Nxb4 17. Nd4 Rfe8 18. Qf2 Nh7 19. g5 e5 20. fxe5 Bxg5 21. Qxf7+ Kh8
 1/2-1/2

[Event "14th IBCA World Chess Championship for Blind 2019"]
[Site "Cagliari"]
[Date "2019.04.11"]
[Round "6"]
[Board "21"]
[White "Saltik, Suleyman"]
[Black "Draganov, Ruslan"]
[Result "1/2-1/2"]
[WhiteElo "1652"]
[BlackElo "2162"]
[PlyCount "118"]
[EventDate "2019.04.06"]
[EventRounds "9"]
[EventCountry "ITA"]

1. d4 Nf6 2. Bg5 c5 3. d5 Qb6 4. Bxf6 Qxf6 5. Nc3 a6 6. a4 e5 7. e4 d6 8. h3 g6
9. Nf3 b6 10. Nd2 Nd7 11. Nc4 Rb8 12. Be2 Bg7 13. O-O O-O 14. Ne3 Qh4 15. Bd3
Nf6 16. Nc4 Ne8 17. Nd2 f5 18. Qe2 Nc7 19. Ra3 f4 20. f3 Qe7 21. Rb1 a5 22. Nd1
Bd7 23. c3 Ra8 24. b4 axb4 25. cxb4 Rxa4 26. Rxa4 Bxa4 27. Nc3 Bd7 28. bxc5
bxc5 29. Nc4 Ra8 30. Qb2 Bc8 31. Nb6 Rb8 32. Nxc8 Rxc8 33. Qb7 Qd8 34. Rb6 Ne8
35. Bb5 Bf8 36. Bd7 Rc7 37. Be6+ Kg7 38. Qa6 c4 39. Rc6 Qe7 40. Qxc4 Ra7 41.
Ra6 Rc7 42. Qd3 Qh4 43. Ra1 Qd8 44. Nb5 Rb7 45. Rb1 Be7 46. Nc3 Rc7 47. Nb5 Rc5
48. Na7 Bh4 49. Nc6 Qc7 50. Qa6 Kh6 51. Qc8 Qxc8 52. Bxc8 Nc7 53. Kf1 Rc3 54.
Rb2 Re3 55. Re2 Rb3 56. Ra2 Nb5 57. Rc2 Re3 58. Re2 Ra3 59. Rc2 Re3 $11  1/2-1/2

[Event "14th IBCA World Chess Championship for Blind 2019"]
[Site "Cagliari"]
[Date "2019.04.11"]
[Round "6"]
[Board "22"]
[White "Gasperoni, Claudio"]
[Black "Aguilar Sevilla, Diego"]
[Result "0-1"]
[WhiteElo "1799"]
[BlackElo "2124"]
[PlyCount "122"]
[EventDate "2019.04.06"]
[EventRounds "9"]
[EventCountry "ITA"]

1. d4 Nf6 2. Nf3 e6 3. c4 b6 4. e3 Bb7 5. Bd3 d5 6. cxd5 exd5 7. O-O Nbd7 8. b3
Bd6 9. Ba3 Bxa3 10. Nxa3 O-O 11. Rc1 c6 12. Qe2 a6 13. Nc2 Qe7 14. Rfd1 Ne4 15.
Nce1 a5 16. Bb1 a4 17. Nd3 axb3 18. axb3 f6 19. Nh4 f5 20. Nf3 c5 21. Nde5 Nxe5
22. Nxe5 cxd4 23. exd4 Rac8 24. Qb5 Nc3 25. Rxc3 Rxc3 26. Qxb6 g6 27. h3 Qc7
28. Qe6+ Kg7 29. Bd3 Rxb3 30. Be2 Rf6 31. Qe8 Bc6 32. Nxc6 Rxc6 33. Qe5+ Qxe5
34. dxe5 Rc5 35. f4 Rbc3 36. Bf3 Rc1 37. Rxc1 Rxc1+ 38. Kf2 d4 39. Ke2 Rc3 40.
h4 h6 41. Kd2 Re3 42. Bd5 g5 43. hxg5 hxg5 44. fxg5 Rxe5 45. Bf3 Re3 46. Bh5 f4
47. Kc2 Kf8 48. Kd2 Ke7 49. Bg4 Kf7 50. Bh5+ Ke6 51. Bg4+ Ke5 52. Kc2 Rg3 53.
Bf3 Rxg5 54. Kd3 Rg7 55. Kc4 Rc7+ 56. Kd3 Rc3+ 57. Kd2 Re3 58. Bb7 Kf5 59. Bf3
Kg5 60. Bd5 Kh4 61. Bf3 Rxf3  0-1

[Event "14th IBCA World Chess Championship for Blind 2019"]
[Site "Cagliari"]
[Date "2019.04.11"]
[Round "6"]
[Board "23"]
[White "Zoltek, Tadeusz"]
[Black "Bindzus, Ernst"]
[Result "1-0"]
[WhiteElo "2092"]
[BlackElo "1985"]
[PlyCount "51"]
[EventDate "2019.04.06"]
[EventRounds "9"]
[EventCountry "ITA"]

1. c4 f5 2. Nc3 Nf6 3. g3 e6 4. Bg2 d5 5. cxd5 exd5 6. Nf3 c6 7. O-O Bd6 8. d3
O-O 9. e4 fxe4 10. dxe4 dxe4 11. Qb3+ Kh8 12. Ng5 Qc7 13. Ncxe4 Nxe4 14. Bxe4
Bf5 15. Bxf5 Rxf5 16. Qe6 Rf6 17. Qe4 g6 18. Bd2 Rf5 19. Bc3+ Kg8 20. Qe6+ Kf8
21. Qxf5+ gxf5 22. Ne6+ Kf7 23. Nxc7 Bxc7 24. Rad1 Na6 25. Rd7+ Kg6 26. Re1  1-0

[Event "14th IBCA World Chess Championship for Blind 2019"]
[Site "Cagliari"]
[Date "2019.04.11"]
[Round "6"]
[Board "24"]
[White "Rositsan, Boris"]
[Black "Ursic, Aleksander"]
[Result "0-1"]
[WhiteElo "2069"]
[BlackElo "1912"]
[PlyCount "99"]
[EventDate "2019.04.06"]
[EventRounds "9"]
[EventCountry "ITA"]

1. Nf3 d5 2. b3 Nf6 3. Bb2 Bf5 4. e3 e6 5. Ne5 Nbd7 6. d4 Bd6 7. Nd2 O-O 8. Be2
c6 9. g4 Be4 10. Rg1 h6 11. f3 Bh7 12. g5 hxg5 13. Bd3 Bxd3 14. cxd3 Bb4 15. a3
Ba5 16. b4 Bb6 17. Qe2 Nxe5 18. dxe5 Nd7 19. d4 a5 20. f4 gxf4 21. Qg4 g6 22.
Nf3 Kg7 23. Ng5 Qe7 24. h4 Rh8 25. exf4 axb4 26. h5 Rxh5 27. Nxe6+ Kh8 28. Ng5
f5 29. Qg2 Nf6 30. Rh1 Kg7 31. Kd2 Ng4 32. axb4 Rxa1 33. Bxa1 Rxg5 34. fxg5
Qxg5+ 35. Ke1 Qc1+ 36. Ke2 Qc2+ 37. Kf3 Qb3+ 38. Kf4 Bd8 39. Qf3 Bg5+ 40. Kg3
Be3 41. e6 f4+ 42. Kg2 Qc2+ 43. Kf1 Nh2+ 44. Rxh2 Qxh2 45. Bc3 Kf6 46. Be1 Qh5
47. Qg2 Kxe6 48. b5 f3 49. bxc6 bxc6 50. Qh2  0-1

[Event "14th IBCA World Chess Championship for Blind 2019"]
[Site "Cagliari"]
[Date "2019.04.11"]
[Round "6"]
[Board "25"]
[White "Armstrong, William G"]
[Black "Rutkowski, Jerzy"]
[Result "1-0"]
[WhiteElo "1800"]
[BlackElo "1980"]
[PlyCount "123"]
[EventDate "2019.04.06"]
[EventRounds "9"]
[EventCountry "ITA"]

1. d4 Nf6 2. Bf4 e6 3. e3 d5 4. Bd3 c5 5. c3 Nc6 6. Nd2 cxd4 7. exd4 Bd6 8. Bg3
Qc7 9. Ngf3 O-O 10. O-O Bxg3 11. hxg3 e5 12. Nxe5 Nxe5 13. dxe5 Qxe5 14. Re1
Qd6 15. Nc4 Qd8 16. Ne3 g6 17. Be2 Be6 18. Qd4 Ne8 19. Rad1 Nc7 20. Bf3 Qg5 21.
Nxd5 Nxd5 22. Re5 Qf6 23. Rxd5 Qxd4 24. R5xd4 Rab8 25. Bd5 Bxd5 26. Rxd5 Rfe8
27. Kf1 b5 28. Rd7 b4 29. c4 a5 30. Ra7 Re4 31. b3 Re5 32. f4 Re3 33. Rxa5 Rbe8
34. Rd2 Re1+ 35. Kf2 Ra1 36. Rb5 Ra8 37. Rxb4 R8xa2 38. Rxa2 Rxa2+ 39. Kf3 Kf8
40. c5 Ke7 41. Rc4 Kd7 42. b4 Kc6 43. Re4 Kb5 44. Re7 Ra3+ 45. Kg4 f5+ 46. Kh4
Kxb4 47. c6 Rc3 48. c7 h6 49. Rh7 Rc1 50. Rxh6 Rxc7 51. Rxg6 Rf7 52. Kg5 Kc5
53. g4 fxg4 54. Kxg4 Kd5 55. f5 Ra7 56. Kg5 Ra2 57. g4 Ke4 58. Re6+ Kf3 59. Rb6
Ra4 60. Rb3+ Ke4 61. f6 Ra5+ 62. Kg6  1-0

[Event "14th IBCA World Chess Championship for Blind 2019"]
[Site "Cagliari"]
[Date "2019.04.11"]
[Round "6"]
[Board "26"]
[White "Johansson, Tage"]
[Black "Riegler, Dieter"]
[Result "1/2-1/2"]
[WhiteElo "1749"]
[BlackElo "1956"]
[PlyCount "93"]
[EventDate "2019.04.06"]
[EventRounds "9"]
[EventCountry "ITA"]

1. e4 c5 2. Be2 Nc6 3. f4 g6 4. Nf3 Bg7 5. O-O d6 6. d3 Nf6 7. Qe1 b6 8. Nc3 e6
9. Qh4 O-O 10. f5 Nd4 11. Bd1 Nd7 12. Bg5 Bf6 13. Bxf6 Nxf3+ 14. Bxf3 Qxf6 15.
Qxf6 Nxf6 16. fxe6 Bb7 17. exf7+ Rxf7 18. g4 h6 19. Nb5 Rd8 20. Nxa7 Kg7 21.
Nb5 Bc6 22. Nc3 Nd7 23. Bg2 Ne5 24. Rxf7+ Kxf7 25. Rf1+ Kg7 26. h3 b5 27. Ne2
Ra8 28. a3 Rb8 29. Nf4 Re8 30. Kh2 Nf7 31. h4 Ne5 32. Kg3 Bd7 33. Bh3 Rf8 34.
b3 Ra8 35. Ra1 Rf8 36. a4 bxa4 37. bxa4 Ra8 38. a5 Ra6 39. Nd5 Nc6 40. g5 Bxh3
41. gxh6+ Kxh6 42. Kxh3 Rxa5 43. Rxa5 Nxa5 44. Kg4 Nb7 45. Nc7 Nd8 46. Ne8 Nf7
47. c3  1/2-1/2

[Event "14th IBCA World Chess Championship for Blind 2019"]
[Site "Cagliari"]
[Date "2019.04.11"]
[Round "6"]
[Board "27"]
[White "Kaliner, Arik"]
[Black "Vrioni, Bersan"]
[Result "0-1"]
[WhiteElo "1644"]
[BlackElo "1924"]
[PlyCount "94"]
[EventDate "2019.04.06"]
[EventRounds "9"]
[EventCountry "ITA"]

1. e4 e6 2. Nf3 b6 3. d4 Bb7 4. Bd3 Nf6 5. Qe2 d5 6. e5 Ne4 7. O-O c5 8. Rd1
Be7 9. c3 Ng5 10. Nxg5 Bxg5 11. Qg4 Bxc1 12. Rxc1 g6 13. h4 h5 14. Qf4 Nc6 15.
a3 g5 16. hxg5 Rg8 17. g6 fxg6 18. Qh6 Ne7 19. Nd2 Kd7 20. dxc5 bxc5 21. Qe3 c4
22. Bc2 Nf5 23. Bxf5 gxf5 24. Qc5 Qe7 25. Qb5+ Bc6 26. Qb4 a5 27. Qxe7+ Kxe7
28. Nf3 d4 29. Nxd4 Bxg2 30. Kh2 Bd5 31. f3 Rab8 32. Rc2 Rg5 33. Rg1 Rxg1 34.
Kxg1 h4 35. Kh2 Rh8 36. Rg2 Kf7 37. Kg1 Rh5 38. Rh2 Kg6 39. Rg2+ Rg5 40. Rxg5+
Kxg5 41. Kg2 Kf4 42. Kh3 Kxe5 43. Kxh4 Kf4 44. Kh3 e5 45. Nb5 Kxf3 46. Nd6 e4
47. Nxf5 Be6  0-1

[Event "14th IBCA World Chess Championship for Blind 2019"]
[Site "Cagliari"]
[Date "2019.04.11"]
[Round "6"]
[Board "28"]
[White "Pohlers, Juergen"]
[Black "Wikman, Bengt"]
[Result "1-0"]
[WhiteElo "1923"]
[BlackElo "1806"]
[PlyCount "93"]
[EventDate "2019.04.06"]
[EventRounds "9"]
[EventCountry "ITA"]

1. d4 Nf6 2. c4 g6 3. Nc3 d5 4. Bf4 c6 5. e3 Bg7 6. Nf3 Bg4 7. Qb3 b6 8. Ne5
Be6 9. Be2 dxc4 10. Bxc4 Bxc4 11. Qxc4 O-O 12. Nxc6 Nxc6 13. Qxc6 Rc8 14. Qf3
Nd7 15. O-O e5 16. dxe5 Nxe5 17. Bxe5 Bxe5 18. Rfd1 Qh4 19. g3 Qf6 20. Qxf6
Bxf6 21. Rd3 Rc4 22. Kg2 Bxc3 23. Rxc3 Rxc3 24. bxc3 Rc8 25. Rc1 Rc4 26. Kf3
Kf8 27. Ke2 Ke7 28. Kd3 b5 29. Rb1 a6 30. Rb4 Rc5 31. a4 Kd6 32. axb5 axb5 33.
Rh4 h5 34. Re4 Rc6 35. Rd4+ Kc5 36. f4 Rf6 37. e4 Kc6 38. Rd5 Re6 39. Kd4 Rf6
40. c4 bxc4 41. Kxc4 Kb6 42. Rd7 Kc6 43. Rd2 Re6 44. e5 f6 45. Kd4 g5 46. Ra2
h4 47. exf6  1-0

[Event "14th IBCA World Chess Championship for Blind 2019"]
[Site "Cagliari"]
[Date "2019.04.11"]
[Round "6"]
[Board "29"]
[White "Ymeri, Rinor"]
[Black "Casadei, Marco"]
[Result "0-1"]
[WhiteElo "1680"]
[BlackElo "1921"]
[PlyCount "82"]
[EventDate "2019.04.06"]
[EventRounds "9"]
[EventCountry "ITA"]

1. d4 Nf6 2. g3 g6 3. Nf3 Bg7 4. e3 O-O 5. Bg2 d6 6. c3 Nc6 7. Nbd2 Bf5 8. O-O
e5 9. dxe5 dxe5 10. Re1 Qd7 11. b4 Qd3 12. Bb2 Rad8 13. Bf1 Qd6 14. Nc4 Qe6 15.
Ncd2 Ne4 16. Re2 Bg4 17. Bg2 Qf5 18. Nh4 Bxe2 19. Nxf5 Bxd1 20. Nxe4 gxf5 21.
Nc5 e4 22. Bh3 Bg4 23. Bxg4 fxg4 24. Nxe4 Ne5 25. Kg2 Nc4 26. Rb1 Nxb2 27. Rxb2
b6 28. Rc2 Rfe8 29. Nd2 Bxc3 30. Rxc3 Rxd2 31. a4 Ra2 32. a5 bxa5 33. bxa5 Rxa5
34. Rc4 h5 35. Rxc7 Ra2 36. Rc5 Rxe3 37. Rxh5 Rf3 38. Rg5+ Kf8 39. Rxg4 Rfxf2+
40. Kg1 Rg2+ 41. Kh1 Rgb2  0-1

[Event "14th IBCA World Chess Championship for Blind 2019"]
[Site "Cagliari"]
[Date "2019.04.11"]
[Round "6"]
[Board "30"]
[White "Znuderl, Matej"]
[Black "Barnowski, Sylwester"]
[Result "1/2-1/2"]
[WhiteElo "1918"]
[BlackElo "1771"]
[PlyCount "58"]
[EventDate "2019.04.06"]
[EventRounds "9"]
[EventCountry "ITA"]

1. e4 e6 2. d4 d5 3. Nd2 Nf6 4. e5 Nfd7 5. Bd3 c5 6. c3 Nc6 7. Ne2 cxd4 8. cxd4
Bb4 9. O-O Bxd2 10. Bxd2 Qb6 11. Qb1 Nxd4 12. Be3 Nxe2+ 13. Bxe2 Qd8 14. Bd4
O-O 15. Bg4 b6 16. f4 Nc5 17. Rf3 g6 18. Rh3 Ne4 19. Qc1 f5 20. exf6 Nxf6 21.
Qc6 Nxg4 22. Qxa8 Qc7 23. Rc3 Qxf4 24. Rf3 Qxd4+ 25. Kh1 Nf2+ 26. Kg1 Ne4+ 27.
Kh1 Nf2+ 28. Kg1 Nd3+ 29. Kh1 Nf2+  1/2-1/2

[Event "14th IBCA World Chess Championship for Blind 2019"]
[Site "Cagliari"]
[Date "2019.04.11"]
[Round "6"]
[Board "31"]
[White "Donmez, Unal"]
[Black "Krishna, Udupa"]
[Result "1-0"]
[WhiteElo "1887"]
[BlackElo "1740"]
[PlyCount "63"]
[EventDate "2019.04.06"]
[EventRounds "9"]
[EventCountry "ITA"]

1. d4 Nf6 2. Bf4 g6 3. Nc3 Bg7 4. e4 d6 5. Qd2 c6 6. Bh6 Bxh6 7. Qxh6 e5 8.
dxe5 dxe5 9. Nf3 Nbd7 10. O-O-O Qa5 11. Bc4 Qc5 12. Bb3 Qe7 13. Ng5 Ng4 14.
Bxf7+ Qxf7 15. Nxf7 Nxh6 16. Nxh6 Nf6 17. f3 Be6 18. Rd6 Ke7 19. Rhd1 Rhe8 20.
h3 Rf8 21. Na4 Ne8 22. Rxe6+ Kxe6 23. Nc5+ Ke7 24. Rd7+ Kf6 25. Ng4+ Kg5 26.
Ne6+ Kh4 27. Nxf8 Kg3 28. Kd2 Nc7 29. Nxh7 Ne6 30. Ne3 Nf4 31. Nf1+ Kh4 32. g3+
 1-0

[Event "14th IBCA World Chess Championship for Blind 2019"]
[Site "Cagliari"]
[Date "2019.04.11"]
[Round "6"]
[Board "32"]
[White "Tonteri, Ari"]
[Black "Pugliese, Giuseppe Franco"]
[Result "1-0"]
[WhiteElo "1870"]
[BlackElo "1648"]
[PlyCount "51"]
[EventDate "2019.04.06"]
[EventRounds "9"]
[EventCountry "ITA"]

1. e4 c5 2. Nf3 e6 3. d4 cxd4 4. Nxd4 Nc6 5. Nb5 d6 6. c4 a6 7. N5c3 Nf6 8. Be2
d5 9. exd5 exd5 10. cxd5 Nb4 11. O-O Nfxd5 12. a3 Nxc3 13. Qxd8+ Kxd8 14. Nxc3
Nc6 15. Rd1+ Ke7 16. Nd5+ Ke6 17. Nc7+ Kf6 18. Nxa8 Be7 19. Nc7 Kg6 20. Nd5 Bd6
21. h4 h5 22. Bd3+ f5 23. Bf4 Bxf4 24. Nxf4+ Kh6 25. Bxa6 bxa6 26. Rd6+  1-0

[Event "14th IBCA World Chess Championship for Blind 2019"]
[Site "Cagliari"]
[Date "2019.04.11"]
[Round "6"]
[Board "33"]
[White "Dal, Ibrahim"]
[Black "Badano, Giancarlo"]
[Result "0-1"]
[WhiteElo "1606"]
[BlackElo "1857"]
[PlyCount "164"]
[EventDate "2019.04.06"]
[EventRounds "9"]
[EventCountry "ITA"]

1. d4 e6 2. c4 d5 3. Nc3 Nf6 4. Bg5 Nbd7 5. Nf3 c6 6. e3 Qa5 7. cxd5 exd5 8.
Bd3 Bb4 9. Qc2 O-O 10. O-O Re8 11. Rfc1 Bxc3 12. bxc3 Ne4 13. c4 Ndf6 14. Bxf6
Nxf6 15. Ne5 Be6 16. c5 g6 17. Rcb1 Rab8 18. Rb2 Nd7 19. f4 Nxe5 20. fxe5 b6
21. Rab1 b5 22. a4 a6 23. axb5 axb5 24. h4 Ra8 25. h5 Qc7 26. Qf2 Qe7 27. hxg6
hxg6 28. Rf1 Ra3 29. Bb1 Qg5 30. Re2 Rea8 31. Ree1 Rc3 32. Qf6 Qxf6 33. Rxf6
Ra1 34. Kf2 Bd7 35. Rd6 Be8 36. Rd8 Kf8 37. e6 Ke7 38. exf7 Bxf7 39. Rd6 Be8
40. Bxg6 Rxe1 41. Kxe1 Bxg6 42. Rxg6 Rxe3+ 43. Kd2 Re6 44. Rg4 Kf6 45. Kc3 Kf5
46. Rg3 Rg6 47. Rf3+ Ke4 48. Rf2 Rg3+ 49. Kb4 Kxd4 50. Rf6 Rxg2 51. Rxc6 Rb2+
52. Ka5 Kc4 53. Rc8 b4 54. c6 Kc5 55. Ka4 Kc4 56. Ka5 b3 57. Rh8 Ra2+ 58. Kb6
Rc2 59. Rh1 b2 60. c7 Kb3 61. Kb7 Ka2 62. c8=Q Rxc8 63. Kxc8 b1=Q 64. Rh2+ Kb3
65. Kc7 d4 66. Kd6 d3 67. Kd5 Kc3 68. Rh3 Qb4 69. Rg3 Kc2 70. Rg2+ d2 71. Rh2
Kc1 72. Rh1+ d1=Q+ 73. Rxd1+ Kxd1 74. Ke5 Ke2 75. Kd5 Ke3 76. Ke5 Qc5+ 77. Kf6
Kf4 78. Ke6 Qc6+ 79. Ke7 Ke5 80. Kf7 Qf6+ 81. Kg8 Qe7 82. Kh8 Kf6  0-1

[Event "14th IBCA World Chess Championship for Blind 2019"]
[Site "Cagliari"]
[Date "2019.04.11"]
[Round "6"]
[Board "34"]
[White "Holmela, Kari"]
[Black "Murgia, Stefano"]
[Result "1-0"]
[WhiteElo "1840"]
[BlackElo "1609"]
[PlyCount "33"]
[EventDate "2019.04.06"]
[EventRounds "9"]
[EventCountry "ITA"]

1. d4 f5 2. g4 fxg4 3. e4 d5 4. e5 Bf5 5. Bd3 Bxd3 6. Qxd3 e6 7. Ne2 c5 8. Rg1
g6 9. Rxg4 Nc6 10. c3 Qd7 11. Bg5 Be7 12. Nd2 O-O-O 13. Nf3 Rf8 14. Bxe7 Ngxe7
15. dxc5 Rxf3 16. Qxf3 Nxe5 17. Qf6  1-0